000 00725nam a2200241 i 4500
001 C2-0229653
003 PPAK
005 20180728160332.0
008 001010s2000 my a|||| ||||| | eng d
020 _a9839949616
040 _aPPAK
_beng
_cPPAK
_erda
082 0 4 _a030.9595
_223
090 0 0 _a030.9595
_bMAL
_dR
245 0 4 _aThe Malaysia Book of Records
264 1 _aKuala Lumpur :
_bR & D Communication Sdn. Bhd. ,
_c2000
300 _a279 pages :
_bcolour illustrations ;
_c30 cm
336 _2rdacontent
_atext
337 _2rdamedia
_aunmediated
338 _2rdacarrier
_avolume
650 1 0 _aWorld records - Malaysia ; Curiosities and wonders - Malaysia
700 1 _aYap, C. K.,
_eeditor
942 _ddc
_cB
999 _c149223
_d149223